| 000 | 00484nam a2200145Ia 4500 | ||
|---|---|---|---|
| 008 | 170221s9999 xx 000 0 und d | ||
| 100 | _aShivan A.M. Doski | ||
| 245 | 4 | _aThe necessity of issuing a corporate governance code for the Kurdistan Region | |
| 245 | _cShivan A.M. Doski, University of Duhok. | ||
| 260 | _bJournal of Management and Marketing Research | ||
| 260 | _c2015 | ||
| 300 | _a10 : 1 | ||
| 650 | _xBusiness | ||
| 856 | _uhttp://www.aabri.com/manuscripts/142059.pdf | ||
| 999 |
_c313627 _d313627 |
||